Rozpoznaj miasto po zdjeciu 3 - Statystyki

Ogólne statystyki
  • Ten quiz został rozwiązany 19 razy
  • Średni wynik to 5 z 16
Statystyki odpowiedzi
Obrazkowy Odpowiedź % Poprawnych
Berlin
100%
Praga
92%
Budapeszt
85%
Kopenhaga
62%
Bratysława
38%
Oslo
31%
Billund
15%
Innsbruck
15%
Vaduz
15%
Male
8%
Rejkiawik
8%
Bilbao
0%
Kapsztad
0%
Królewiec
0%
Suva
0%
Wellington
0%
Nie znaleziono quizów pasujących do podanych kryteriów
Rozkład punktacji
Procent ludzi z każdym wynikiem
Percentyl według liczby udzielonych odpowiedzi
Twoja historia wyników
Nie rozwiązałeś tego quizu